Music Quiz

Random Music or Song Quiz

'B' Artists by 3 Singles Quiz Stats

 Plays Quiz Updated Sep 25, 2017

Score 0/24 Timer 05:00
8 Plays Today
% Correct
Beyoncé
93.9%
The Beatles
93.5%
Bon Jovi
92.7%
The Beach Boys
91.6%
Bee Gees
90.5%
The Black Eyed Peas
87.4%
David Bowie
86.1%
The Bangles
82.8%
Justin Bieber
82.4%
Beastie Boys
81.9%
Blondie
81.5%
Pat Benatar
81%
% Correct
Chuck Berry
80.8%
James Brown
77%
Blink-182
73.7%
Garth Brooks
71.9%
Michael Bolton
71.1%
Toni Braxton
70.8%
Boyz II Men
68.8%
Beck
68.6%
Backstreet Boys
67.9%
Bananarama
67.6%
Kate Bush
64.4%
Mary J. Blige
64.1%

You're not logged in!

Compare scores with friends on all Sporcle quizzes.
OR
Log In

Show Comments

Extras

Top Quizzes Today


Score Distribution

Your Account Isn't Verified!

In order to create a playlist on Sporcle, you need to verify the email address you used during registration. Go to your Sporcle Settings to finish the process.

Report this User

Report this user for behavior that violates our Community Guidelines.

Details: